| 000 | 00790nam a2200241 4500 | ||
|---|---|---|---|
| 001 | 11549 | ||
| 003 | HDC | ||
| 007 | cr bn ---aaaaa | ||
| 008 | 210207c dr|noo 0 a eng d | ||
| 040 | _aHDC | ||
| 245 | 0 | _aFilipino Halal Act expected to promote meat exports | |
| 260 |
_a[No place] : _bFar Eastern Agriculture, _c[no year] |
||
| 336 |
_atext _2rdacontent |
||
| 337 |
_acomputer _2rdamedia |
||
| 338 |
_aonline resource _2rdacarrier |
||
| 650 |
_aHalal act _9950 |
||
| 650 |
_aHalal export _96113 |
||
| 710 | _aFar Eastern Agriculture | ||
| 856 | _zRequest full-text at [email protected] | ||
| 942 | _2lcc | ||
| 942 | _cNEWS | ||
| 942 | _kNWSO 002292 | ||
| 999 |
_c8872 _d8872 |
||